[Event "HET"]
[Site "Hamburg"]
[Date "2006.08.13"]
[Round "1.2"]
[White "Biermann, Helge"]
[Black "Foerster, Andreas"]
[Result "0-1"]
[WhiteElo "1808"]
[BlackElo "2207"]
[PlyCount "80"]
[EventDate "2006.??.??"]
[EventType "swiss"]
[EventRounds "7"]
[EventCountry "GER"]

1. c4 c5 2. Nc3 Nc6 3. g3 g6 4. Bg2 Bg7 5. e4 Nf6 6. Nge2 O-O 7. O-O Ne8 8. Rb1
Nc7 9. a3 a5 10. Nd5 Rb8 11. Nxc7 Qxc7 12. d3 b5 13. Bf4 d6 14. Qc2 bxc4 15.
dxc4 Be6 16. Be3 Ne5 17. f4 Nxc4 18. Bc1 f5 19. exf5 gxf5 20. Rd1 Nb6 21. b4
axb4 22. axb4 Nc4 23. b5 Qa5 24. Bc6 Na3 25. Bxa3 Qxa3 26. Kf2 Kh8 27. Rd3 Qa2
28. Qc1 Bc4 29. Rd2 Qa4 30. Nc3 Qa5 31. Rc2 Bd3 32. Ra1 Qb4 33. Ra4 Qb3 34. Rd2
Bxc3 35. Rxd3 Qxa4 36. Qxc3+ Rf6 37. Rd5 Kg8 {
In hochgardiger Zeitnot stellt Weiß jetzt alles ein.} 38. Rd1 Qxd1 39. Qc4+ Kh8
40. Qa4 Qxa4 0-1

[Event "HET"]
[Site "Hamburg"]
[Date "2006.08.13"]
[Round "1.3"]
[White "Meier, David Geffrey"]
[Black "Christiansen, Peter"]
[Result "1-0"]
[WhiteElo "2182"]
[BlackElo "1773"]
[PlyCount "55"]
[EventDate "2006.??.??"]
[EventType "swiss"]
[EventRounds "7"]
[EventCountry "GER"]

1. d4 d5 2. c4 c6 3. Nc3 e6 4. Nf3 Nf6 5. g3 Be7 6. Bg2 O-O 7. O-O Nbd7 8. b3
a6 9. Qc2 Re8 10. Bb2 Bf8 11. e4 dxe4 12. Nxe4 Nxe4 13. Qxe4 Nf6 14. Qe2 e5 15.
dxe5 Bg4 16. Qc2 Nd7 17. Rad1 Qc7 18. Ng5 g6 19. Ne4 Bxd1 20. Qxd1 Bg7 21. f4
Rad8 22. Qc1 Re6 23. Bh3 Ree8 24. Ba3 Nxe5 25. fxe5 Qxe5 26. Nf2 Qe2 27. Bc5
Rd2 28. Bg4 1-0

[Event "HET"]
[Site "Hamburg"]
[Date "2006.08.13"]
[Round "1.4"]
[White "Schmuck, Martin"]
[Black "Fraas, Henning"]
[Result "1/2-1/2"]
[WhiteElo "1773"]
[BlackElo "2152"]
[PlyCount "67"]
[EventDate "2006.??.??"]
[EventType "swiss"]
[EventRounds "7"]
[EventCountry "GER"]

1. d4 f5 2. c4 Nf6 3. Nc3 d6 4. g3 g6 5. Bg2 Nbd7 6. e4 fxe4 7. Nxe4 Nxe4 8.
Bxe4 Nf6 9. Bg2 Bg7 10. Ne2 O-O 11. O-O c6 12. Nc3 Qb6 13. c5 Qd8 14. Bf4 Nh5
15. Be3 d5 16. Qd2 e5 17. Bg5 Qa5 18. Be3 Bg4 19. b4 Qd8 20. h3 Bf3 21. Bg5 Qd7
22. dxe5 Bxg2 23. Kxg2 Qf5 24. f4 h6 25. Be7 Rf7 26. Bd6 Rd8 27. Rae1 Bf8 28.
Re2 Ng7 29. b5 Ne6 30. bxc6 bxc6 31. Qc2 Kh7 32. Qxf5 gxf5 33. Rb2 Rg7 34. Kf2
1/2-1/2

[Event "HET"]
[Site "Hamburg"]
[Date "2006.08.13"]
[Round "1.5"]
[White "Kammer, Roland"]
[Black "Yousofi, Ahmad"]
[Result "1-0"]
[WhiteElo "2135"]
[BlackElo "1676"]
[PlyCount "99"]
[EventDate "2006.??.??"]
[EventType "swiss"]
[EventRounds "7"]
[EventCountry "GER"]

1. e4 c5 2. Nf3 d6 3. d4 cxd4 4. Nxd4 Nf6 5. Nc3 a6 6. Bg5 e5 7. Nf3 Be7 8. Bc4
b5 9. Bxf6 bxc4 10. Bxe7 Qxe7 11. Qd5 Bb7 12. Qxc4 O-O 13. Nd5 Qd8 14. O-O Nd7
15. Rfd1 Nb6 16. Nxb6 Qxb6 17. Qd3 Rfd8 18. c4 Qc6 19. Nxe5 Qxe4 20. Qxe4 Bxe4
21. Ng4 Rac8 22. Rd4 Bf5 23. Ne3 Be6 24. Rad1 Rc6 25. b3 f5 26. Nd5 Kf8 27. Nb4
Rb6 28. c5 Rb5 29. Nxa6 Ra5 30. Nc7 Bf7 31. Rxd6 Rxd6 32. cxd6 Be8 33. a4 Bd7
34. Rd5 Rxd5 35. Nxd5 Be6 36. Nb6 Bxb3 37. a5 Ke8 38. a6 Bc2 39. a7 Be4 40. f3
Bc6 41. Kf2 Kf7 42. Ke3 Ke6 43. d7 Ke7 44. Kd4 g5 45. Ke5 g4 46. a8=Q Bxa8 47.
Nxa8 Kxd7 48. Kxf5 gxf3 49. gxf3 Kc6 50. Ke6 1-0

[Event "HET"]
[Site "Hamburg"]
[Date "2006.08.13"]
[Round "1.6"]
[White "Opasiak, Dustin Tennessee"]
[Black "Weiss, Siegfried"]
[Result "0-1"]
[WhiteElo "1669"]
[BlackElo "2126"]
[PlyCount "64"]
[EventDate "2006.??.??"]
[EventType "swiss"]
[EventRounds "7"]
[EventCountry "GER"]

1. e4 e6 2. Qe2 c5 3. g3 Nc6 4. Bg2 d6 5. Nf3 Nf6 6. O-O Be7 7. d3 O-O 8. Nbd2
Qc7 9. h3 b5 10. g4 Bb7 11. a4 a6 12. c3 Rfe8 13. Nh2 e5 14. f4 exf4 15. Ndf3
Ne5 16. Bxf4 c4 17. d4 Nd3 18. Ne1 Nxf4 19. Rxf4 Nd7 20. Qf2 f6 21. Nc2 d5 22.
exd5 Bd6 23. Re4 Bxh2+ 24. Kh1 Bd6 25. Rae1 Rxe4 26. Bxe4 Nf8 27. Qf5 Qf7 28.
Rf1 Re8 29. Bg2 Ng6 30. g5 Nh4 31. Qf2 Nxg2 32. gxf6 Bxd5 0-1

[Event "HET"]
[Site "Hamburg"]
[Date "2006.08.13"]
[Round "1.7"]
[White "Schermer, Denis"]
[Black "Farzamfahr, Bahram"]
[Result "1-0"]
[WhiteElo "2121"]
[BlackElo "1658"]
[PlyCount "77"]
[EventDate "2006.??.??"]
[EventType "swiss"]
[EventRounds "7"]
[EventCountry "GER"]

1. e4 e5 2. Nf3 Nc6 3. Bb5 a6 4. Ba4 Nf6 5. O-O Be7 6. Re1 b5 7. Bb3 d6 8. c3
Na5 9. Bc2 O-O 10. h3 Bb7 11. d4 exd4 12. cxd4 Nc6 13. Nc3 Nb4 14. Bb1 Nc6 15.
a3 Re8 16. Qc2 g6 17. Bh6 Bf8 18. Bg5 Bg7 19. e5 dxe5 20. dxe5 Nd4 21. Nxd4
Qxd4 22. Ba2 Rxe5 23. Red1 Qb6 24. Bf4 Rf5 25. Qd2 Qc6 26. f3 Nh5 27. Be3 Nf6
28. Rac1 Qe8 29. Bb1 Re5 30. Bd4 Rd8 31. Qf2 Re7 32. Qh4 Nh5 33. Bc5 Rxd1+ 34.
Rxd1 Bf6 35. Qf2 Rd7 36. Re1 Qd8 37. Qe2 Rd2 38. Qe8+ Kg7 39. Bf8+ 1-0

[Event "HET"]
[Site "Hamburg"]
[Date "2006.08.13"]
[Round "1.8"]
[White "Cupina, Ibrahim"]
[Black "Atri, Jamshid"]
[Result "1/2-1/2"]
[WhiteElo "1646"]
[BlackElo "2117"]
[PlyCount "72"]
[EventDate "2006.??.??"]
[EventType "swiss"]
[EventRounds "7"]
[EventCountry "GER"]

1. e4 e5 2. d4 exd4 3. c3 d5 4. exd5 Qxd5 5. Nf3 Bg4 6. Be2 d3 7. O-O Nf6 8.
Qxd3 Qxd3 9. Bxd3 Bxf3 10. gxf3 Bd6 11. Re1+ Kd8 12. Bg5 Nbd7 13. Nd2 h6 14.
Bh4 c6 15. Rad1 Kc7 16. Nc4 Bf4 17. Bg3 Bxg3 18. fxg3 Rae8 19. Kf2 Rxe1 20.
Rxe1 Re8 21. f4 Rxe1 22. Kxe1 Nd5 23. Kd2 b5 24. Ne3 Nxe3 25. Kxe3 Nf6 26. Be2
g5 27. fxg5 hxg5 28. Kd4 Nd5 29. Bf3 Ne7 30. Bh5 f5 31. c4 bxc4 32. Kxc4 Nd5
33. Be2 f4 34. gxf4 Nxf4 35. Bg4 Ng6 36. h3 Ne7 1/2-1/2

[Event "HET"]
[Site "Hamburg"]
[Date "2006.08.13"]
[Round "1.9"]
[White "Ewaldt, Michael"]
[Black "Pfeiffer, Daniel"]
[Result "1-0"]
[WhiteElo "2104"]
[BlackElo "1644"]
[PlyCount "55"]
[EventDate "2006.??.??"]
[EventType "swiss"]
[EventRounds "7"]
[EventCountry "GER"]

1. e4 c5 2. Nf3 d6 3. c3 Nf6 4. h3 Nc6 5. d3 e6 6. Be2 Be7 7. O-O O-O 8. Re1
Qc7 9. Bf1 b6 10. d4 cxd4 11. cxd4 Rd8 12. Nc3 a6 13. Be3 Bb7 14. Rc1 d5 15. e5
Nd7 16. Bd3 Rac8 17. Ng5 Bxg5 18. Bxg5 Rf8 19. Qh5 g6 20. Qh6 f5 21. exf6 Nxf6
22. Rxe6 Qg7 23. Qxg7+ Kxg7 24. Bxf6+ Rxf6 25. Rxf6 Kxf6 26. Nxd5+ Ke6 27. Nxb6
Rb8 28. d5+ 1-0

[Event "HET"]
[Site "Hamburg"]
[Date "2006.08.13"]
[Round "1.10"]
[White "Sternberg, Lew"]
[Black "Kaden, Ingmar"]
[Result "1-0"]
[WhiteElo "2072"]
[BlackElo "1663"]
[PlyCount "105"]
[EventDate "2006.??.??"]
[EventType "swiss"]
[EventRounds "7"]
[EventCountry "GER"]

1. e4 d6 2. Nc3 Nf6 3. f4 g6 4. Nf3 Bg4 5. h3 Bxf3 6. Qxf3 c6 7. Bc4 Bg7 8. d3
e6 9. Bb3 Na6 10. a3 Nd7 11. Ne2 Nac5 12. Ba2 Qb6 13. c3 Rc8 14. g4 O-O 15. g5
d5 16. h4 f5 17. e5 Qb5 18. Rh3 Rfe8 19. h5 Nb3 20. Bxb3 Qxb3 21. Nd4 Qb6 22.
Qe2 Kf7 23. Be3 c5 24. Nf3 a5 25. Nh4 Rh8 26. Qc2 Qa6 27. Rd1 c4 28. Bd4 a4 29.
Nf3 b5 30. Qf2 Qc6 31. Ba7 Qc7 32. Ke2 Nc5 33. Bxc5 Qxc5 34. Nd4 Rb8 35. Rdh1
cxd3+ 36. Kxd3 Rbg8 37. R1h2 Qb6 38. Nxf5 Qxf2 39. Nd6+ Ke7 40. Rxf2 Rb8 41.
Kd4 Kd7 42. hxg6 hxg6 43. Rxh8 Rxh8 44. Nxb5 Kc6 45. c4 Bf8 46. Rf3 Bc5+ 47.
Kc3 dxc4 48. Kxc4 Rb8 49. Nc3 Rxb2 50. Nxa4 Rc2+ 51. Kb3 Rc1 52. Nxc5 Rxc5 53.
Rc3 1-0

[Event "HET"]
[Site "Hamburg"]
[Date "2006.08.13"]
[Round "1.11"]
[White "Moehrmann, Marcus"]
[Black "Schulz, Hugo"]
[Result "1-0"]
[WhiteElo "2053"]
[BlackElo "1644"]
[PlyCount "85"]
[EventDate "2006.??.??"]
[EventType "swiss"]
[EventRounds "7"]
[EventCountry "GER"]

1. e4 c6 2. Nc3 d5 3. Nf3 dxe4 4. Nxe4 Bf5 5. Ng3 Bg4 6. Bc4 Bxf3 7. Qxf3 Nf6
8. Qb3 Nd5 9. Qxb7 Nb6 10. d3 e6 11. Be3 Qd7 12. Qxd7+ N8xd7 13. Bb3 Nd5 14.
O-O Nxe3 15. fxe3 Nc5 16. Rf3 Nxb3 17. axb3 Be7 18. Ra6 c5 19. Rf1 Bd8 20. Ne4
Bb6 21. Nd6+ Ke7 22. Nxf7 Rhf8 23. Ne5 Rxf1+ 24. Kxf1 Kd6 25. Nc4+ Kc6 26. Ke2
Rf8 27. Nxb6 axb6 28. Ra7 Rg8 29. e4 e5 30. c3 h6 31. Ke3 g5 32. Ra4 Rd8 33. b4
c4 34. dxc4 Rd1 35. c5 Kb5 36. b3 bxc5 37. Ra5+ Kb6 38. Rxc5 Rb1 39. Rxe5 Rxb3
40. Kd4 Rb2 41. Re6+ Kc7 42. Rxh6 Rxg2 43. c4 1-0

[Event "HET"]
[Site "Hamburg"]
[Date "2006.08.13"]
[Round "1.12"]
[White "Oehlke, Jan-Philipp"]
[Black "Schulz, Hans-Juergen"]
[Result "1/2-1/2"]
[WhiteElo "1611"]
[BlackElo "2040"]
[PlyCount "59"]
[EventDate "2006.??.??"]
[EventType "swiss"]
[EventRounds "7"]
[EventCountry "GER"]

1. e4 e5 2. Nf3 Nc6 3. Bc4 Nf6 4. Nc3 Bc5 5. d3 h6 6. O-O d6 7. h3 Be6 8. Bb3
Qd7 9. Bxe6 fxe6 10. Na4 Bb6 11. Nxb6 axb6 12. c3 d5 13. Qc2 O-O 14. Re1 d4 15.
Bd2 Qf7 16. b4 Nh5 17. Re2 Qg6 18. Nh4 Qf6 19. Nf3 Rf7 20. b5 Nd8 21. cxd4 exd4
22. e5 Qe7 23. Nxd4 Qd7 24. Qc4 Nf4 25. Re4 Nd5 26. Rg4 Kh7 27. Nf3 Ne7 28. Rd4
Nd5 29. Rh4 Kg8 30. Qe4 1/2-1/2

[Event "HET"]
[Site "Hamburg"]
[Date "2006.08.13"]
[Round "1.13"]
[White "Keuchen, Michael"]
[Black "Pannenborg, Markus"]
[Result "1-0"]
[WhiteElo "1993"]
[BlackElo "1598"]
[PlyCount "27"]
[EventDate "2006.??.??"]
[EventType "swiss"]
[EventRounds "7"]
[EventCountry "GER"]

1. d4 d5 2. Bg5 f6 3. Bf4 e6 4. e3 Ne7 5. Bd3 Ng6 6. Qh5 f5 7. Nf3 Nc6 8. c3
Qe7 9. g4 Kf7 10. gxf5 exf5 11. Bxf5 Kg8 12. Bxg6 hxg6 13. Qxd5+ Be6 14. Qb5
1-0

[Event "HET"]
[Site "Hamburg"]
[Date "2006.08.13"]
[Round "1.14"]
[White "Kohlstädt, Jürgen"]
[Black "Soltau, Achim"]
[Result "0-1"]
[WhiteElo "1568"]
[BlackElo "1989"]
[PlyCount "75"]
[EventDate "2006.??.??"]
[EventType "swiss"]
[EventRounds "7"]
[EventCountry "GER"]

1. d4 d5 2. c4 e6 3. Nf3 c5 4. Nc3 Nc6 5. e3 Nf6 6. Bd3 Be7 7. a3 dxc4 8. Bxc4
cxd4 9. exd4 O-O 10. O-O Na5 11. Bd3 b6 12. Bf4 Bb7 13. Rc1 Rc8 14. Be3 Nc4 15.
Bxc4 Rxc4 16. Ne5 Rc8 17. h3 Nd5 18. Nxd5 Qxd5 19. Qf3 f6 20. Qxd5 Bxd5 21. Nf3
Kf7 22. Nd2 f5 23. Rfe1 Bf6 24. f3 Rfd8 25. Red1 Ke7 26. Kf2 Bc6 27. Nf1 Ba4
28. Rxc8 Rxc8 29. Rd2 Bb3 30. f4 Kd6 31. g3 Kd5 32. Nh2 Rc2 33. Rxc2 Bxc2 34.
Nf3 Be4 35. Nd2 Bxd4 36. Bxd4 Kxd4 37. g4 Kd3 38. Nf1 0-1

[Event "HET"]
[Site "Hamburg"]
[Date "2006.08.13"]
[Round "1.15"]
[White "Dumjahn, Carsten"]
[Black "Meyer, Michael M"]
[Result "1/2-1/2"]
[WhiteElo "1983"]
[BlackElo "1541"]
[PlyCount "84"]
[EventDate "2006.??.??"]
[EventType "swiss"]
[EventRounds "7"]
[EventCountry "GER"]

1. e4 c5 2. c3 Nc6 3. d4 cxd4 4. cxd4 d6 5. Nc3 Nf6 6. h3 a6 7. g4 h6 8. Bg2 g5
9. Nge2 e5 10. O-O Bg7 11. Be3 b5 12. Nd5 O-O 13. Nxf6+ Bxf6 14. d5 Ne7 15. a4
bxa4 16. Nc3 Bd7 17. Nxa4 Bb5 18. Re1 Ng6 19. Nc3 Bd7 20. Bf1 Qb8 21. Qd2 Qc8
22. Ra2 Nh4 23. Be2 Bd8 24. Rc1 Qb8 25. Kh1 a5 26. Rca1 Qb4 27. f3 Bb6 28. Nd1
Qxd2 29. Bxd2 Rfc8 30. Bc3 Ng6 31. b4 a4 32. b5 Nf4 33. Bf1 Bc5 34. Rxa4 Rxa4
35. Rxa4 Rb8 36. Ra2 Kg7 37. Rb2 h5 38. Bb4 hxg4 39. hxg4 Rh8+ 40. Rh2 Rxh2+
41. Kxh2 Bxb4 42. Nb2 Bxb5 1/2-1/2

[Event "HET"]
[Site "Hamburg"]
[Date "2006.08.13"]
[Round "1.16"]
[White "Schwirz, Horst"]
[Black "Jablonowski, Christoph"]
[Result "0-1"]
[WhiteElo "1529"]
[BlackElo "1965"]
[PlyCount "58"]
[EventDate "2006.??.??"]
[EventType "swiss"]
[EventRounds "7"]
[EventCountry "GER"]

1. d4 e6 2. Nf3 Nf6 3. e3 c5 4. Bd3 Nc6 5. O-O Be7 6. b3 O-O 7. Bb2 d5 8. Nbd2
cxd4 9. exd4 Qc7 10. Ne5 Nb4 11. c4 Nxd3 12. Nxd3 dxc4 13. bxc4 b6 14. Ne5 Bb7
15. Rc1 Rac8 16. Qe2 Rfd8 17. f4 Ba8 18. Ndf3 Ne4 19. Nxf7 Kxf7 20. Ng5+ Bxg5
21. fxg5+ Kg8 22. Qg4 Qe7 23. h4 e5 24. dxe5 Qc5+ 25. Kh2 Rd2 26. Ba3 (26. Qe6+
Kh8 27. Ba3 Nxg5 $1) 26... Qxe5+ 27. Kg1 Re8 28. Rf5 Rxg2+ (28... Ng3 $1) 29.
Qxg2 Qxf5 0-1

[Event "HET"]
[Site "Hamburg"]
[Date "2006.08.13"]
[Round "1.17"]
[White "Ristic, Sreten"]
[Black "Blank, Yevgen"]
[Result "1-0"]
[WhiteElo "1930"]
[BlackElo "1428"]
[PlyCount "69"]
[EventDate "2006.??.??"]
[EventType "swiss"]
[EventRounds "7"]
[EventCountry "GER"]

1. d4 d5 2. c4 c6 3. Nc3 Nf6 4. Nf3 e6 5. cxd5 exd5 6. a3 Bd6 7. Bg5 Nbd7 8. e3
O-O 9. Rc1 Qe8 10. Bd3 Ne4 11. Bh4 f5 12. Bxe4 fxe4 13. Nd2 Nb6 14. Bg3 Bxg3
15. hxg3 Qf7 16. Qe2 Bd7 17. b3 a5 18. a4 Rae8 19. Nd1 Re6 20. Rh4 Rf6 21. Rc5
Ra8 22. f4 g5 23. fxg5 Rf5 24. g4 Rxg5 25. Nxe4 Rg6 26. Nef2 Nc8 27. Nd3 Qg7
28. N1f2 Nd6 29. Ne5 Rf6 30. g5 Rf5 31. Nfg4 Qxg5 32. Nh6+ Kf8 33. Nxf5 Bxf5
34. Rh5 Qg3+ 35. Qf2 1-0

[Event "HET"]
[Site "Hamburg"]
[Date "2006.08.13"]
[Round "1.18"]
[White "Kock, Rudolf"]
[Black "Raedisch, Peter"]
[Result "0-1"]
[WhiteElo "1417"]
[BlackElo "1920"]
[PlyCount "47"]
[EventDate "2006.??.??"]
[EventType "swiss"]
[EventRounds "7"]
[EventCountry "GER"]

1. f4 Nc6 2. Nf3 d5 3. b3 Bg4 4. e3 e5 5. h3 Bxf3 6. Qxf3 e4 7. Qf2 Qf6 8. c3
Nh6 9. Ba3 Nf5 10. Bb5 Be7 11. Bxe7 Nfxe7 12. Na3 a6 13. Bxc6+ Nxc6 14. Nc2 h6
15. g4 b5 16. Ke2 a5 17. Rac1 g5 18. Rhf1 O-O 19. Nd4 gxf4 20. Qxf4 Qxf4 21.
Rxf4 Ne5 22. Rf5 Nd3 23. Rg1 a4 24. Nxb5 0-1

[Event "HET"]
[Site "Hamburg"]
[Date "2006.08.13"]
[Round "1.19"]
[White "Bohn, Christoph"]
[Black "Grube, Bernd"]
[Result "1-0"]
[WhiteElo "1916"]
[BlackElo "1354"]
[PlyCount "29"]
[EventDate "2006.??.??"]
[EventType "swiss"]
[EventRounds "7"]
[EventCountry "GER"]

1. e4 c5 2. f4 d6 3. Nf3 Nc6 4. Bc4 Bg4 5. Bxf7+ Kd7 6. Bb3 e6 7. O-O Be7 8.
Nc3 Nf6 9. Qe1 Na5 10. Ba4+ Kc8 11. d3 a6 12. Bd2 b5 13. Bb3 Nc6 14. e5 Bxf3
15. Bxe6+ 1-0

[Event "HET"]
[Site "Hamburg"]
[Date "2006.08.13"]
[Round "1.21"]
[White "Holzweissig, Hans Joachim"]
[Black "Minges, David"]
[Result "1-0"]
[WhiteElo "1881"]
[BlackElo "1297"]
[PlyCount "69"]
[EventDate "2006.??.??"]
[EventType "swiss"]
[EventRounds "7"]
[EventCountry "GER"]

1. Nc3 e5 2. Nf3 Nc6 3. d4 exd4 4. Nxd4 Nf6 5. a3 Bc5 6. Nf3 d6 7. Bg5 h6 8.
Bf4 g5 9. Bg3 Be6 10. e3 Qe7 11. Bd3 O-O-O 12. O-O a6 13. b4 Bb6 14. b5 axb5
15. Nxb5 Nd5 16. Bc4 Nf6 17. Bxe6+ fxe6 18. Nfd4 Qd7 19. Nxc6 Qxc6 20. Nd4 Qd7
21. a4 Ba5 22. Nb3 Bc3 23. Ra2 Nd5 24. Nd4 Nb4 25. Ra3 Bb2 26. Rb3 Bxd4 27.
Qxd4 c5 28. Qb2 Qxa4 29. Ra1 Qd7 30. f3 Qc6 31. Be1 Na6 32. Rb6 Qc7 33. Ba5 Qb8
34. Bc3 Rhg8 35. Raxa6 1-0

[Event "HET"]
[Site "Hamburg"]
[Date "2006.08.13"]
[Round "1.22"]
[White "Gloe, Helmut"]
[Black "Ludwig, Jan"]
[Result "0-1"]
[WhiteElo "1233"]
[BlackElo "1762"]
[PlyCount "68"]
[EventDate "2006.??.??"]
[EventType "swiss"]
[EventRounds "7"]
[EventCountry "GER"]

1. f4 d5 2. Nf3 Bg4 3. d3 Nd7 4. Nbd2 Ngf6 5. e3 e5 6. fxe5 Nxe5 7. Be2 Ng6 8.
O-O Bc5 9. Nb3 Bb6 10. Nfd4 h5 11. a4 a5 12. Bd2 c6 13. Rc1 Bc7 14. c4 Qd6 15.
g3 Bh3 16. Rf2 dxc4 17. Rxc4 Ne5 18. Rc5 b6 19. Rc2 h4 20. Nf5 Bxf5 21. Rxf5
hxg3 22. hxg3 Qd5 23. Rxe5+ Bxe5 24. Bf3 Qxb3 25. Bxc6+ Ke7 26. Bxa8 Qe6 27.
Bg2 Bxg3 28. Qf3 Bh2+ 29. Kf1 Qb3 30. Qb7+ Nd7 31. Qc6 Qxd3+ 32. Ke1 Bg3+ 33.
Kd1 Rh1+ 34. Bxh1 Qf1+ 0-1

[Event "HET"]
[Site "Hamburg"]
[Date "2006.08.13"]
[Round "1.23"]
[White "Graffenberger, Wilhelm"]
[Black "Ramm, Helga"]
[Result "1-0"]
[WhiteElo "1732"]
[BlackElo "936"]
[PlyCount "55"]
[EventDate "2006.??.??"]
[EventType "swiss"]
[EventRounds "7"]
[EventCountry "GER"]

1. e4 e5 2. Nf3 Nc6 3. Bb5 Bc5 4. c3 Nf6 5. d3 O-O 6. O-O a6 7. Bxc6 dxc6 8.
Nxe5 Bd6 9. f4 b5 10. Nxc6 Qd7 11. Ne5 Qd8 12. Be3 Bxe5 13. fxe5 Ng4 14. Bf4
Be6 15. h3 Qd7 16. Qf3 c6 17. Nd2 Qa7+ 18. d4 Qd7 19. hxg4 Bxg4 20. Qg3 Qe6 21.
Nf3 Qd7 22. Nh2 Bh5 23. Bh6 Bg6 24. Ng4 b4 25. Bxg7 Kxg7 26. Qh4 Rh8 27. Qh6+
Kg8 28. Nf6# 1-0

[Event "HET"]
[Site "Hamburg"]
[Date "2006.08.13"]
[Round "1.24"]
[White "Mania, Irmgard"]
[Black "Zehner, Birte"]
[Result "0-1"]
[WhiteElo "880"]
[BlackElo "1486"]
[PlyCount "48"]
[EventDate "2006.??.??"]
[EventType "swiss"]
[EventRounds "7"]
[EventCountry "GER"]

1. e4 e5 2. Nf3 d6 3. Bc4 Be7 4. Nc3 Nf6 5. d3 O-O 6. O-O Nc6 7. Bg5 Na5 8. Nd5
Nxc4 9. dxc4 Nxd5 10. Bxe7 Nxe7 11. b4 f5 12. Re1 h6 13. a3 Ng6 14. a4 Kh8 15.
b5 fxe4 16. Rxe4 Bf5 17. Re3 Qf6 18. Rc1 Bg4 19. h3 Be6 20. Rc3 e4 21. Nd4
Qxf2+ 22. Kh2 Nh4 23. Qg1 Qd2 24. Qe3 Qxg2# 0-1

[Event "HET"]
[Site "Hamburg"]
[Date "2006.08.13"]
[Round "1.29"]
[White "Frackowiak, Stanislaw"]
[Black "Kolster, Jascha"]
[Result "1-0"]
[WhiteElo "1410"]
[BlackElo "1199"]
[PlyCount "75"]
[EventDate "2006.??.??"]
[EventType "swiss"]
[EventRounds "7"]
[EventCountry "GER"]

1. d4 d5 2. c4 e6 3. Nc3 Nf6 4. Bg5 Nbd7 5. e3 Be7 6. Nf3 O-O 7. Qc2 Re8 8. Rc1
Nf8 9. a3 b6 10. cxd5 Nxd5 11. Bxe7 Qxe7 12. Nxd5 exd5 13. Qxc7 Bd7 14. Ba6 Ne6
15. Qg3 Rab8 16. Bd3 Rbc8 17. O-O Rxc1 18. Rxc1 Rc8 19. Rxc8+ Bxc8 20. Qh3 g6
21. Ne5 Kg7 22. Qf3 Bb7 23. Bc2 f6 24. Nd3 b5 25. h4 a5 26. b4 Qc7 27. Qd1 Qc3
28. Qc1 axb4 29. axb4 Nxd4 30. exd4 Qxd4 31. Bb1 Kg8 32. g3 Qg4 33. Ba2 Kf8 34.
Nf4 d4 35. Qc5+ Ke8 36. Qxb5+ Kd8 37. Qxb7 Qd1+ 38. Kg2 1-0

[Event "HET"]
[Site "Hamburg"]
[Date "2006.08.19"]
[Round "2.2"]
[White "Foerster, Andreas"]
[Black "Bohn, Christoph"]
[Result "1-0"]
[WhiteElo "2207"]
[BlackElo "1916"]
[PlyCount "131"]
[EventDate "2006.??.??"]
[EventType "swiss"]
[EventRounds "7"]
[EventCountry "GER"]

1. d4 Nf6 2. c4 e6 3. Nc3 Bb4 4. Bg5 d5 5. Qb3 a5 6. Nf3 O-O 7. Bxf6 Qxf6 8.
cxd5 exd5 9. Qxd5 c5 10. Qe5 Qxe5 11. dxe5 Nc6 12. e3 a4 13. a3 Bxc3+ 14. bxc3
Bg4 15. Bb5 Bxf3 16. gxf3 Nxe5 17. f4 Nc6 18. Bxc6 bxc6 19. Rb1 Rfd8 20. Ke2
Kf8 21. Rhd1 Rxd1 22. Kxd1 Ke7 23. Rb7+ Kf6 24. Kc2 c4 25. Rb4 Ra5 26. Rxc4 Rh5
27. Rxc6+ Ke7 28. Rc7+ Ke6 29. Kd3 Rxh2 30. Ke2 h5 31. f5+ Kf6 32. e4 g5 33.
fxg6 fxg6 34. Rc4 g5 35. Rxa4 g4 36. Kf1 Rh1+ 37. Kg2 Rd1 38. Ra5 h4 39. Rh5
h3+ 40. Kg3 Rg1+ 41. Kf4 Kg6 42. Rh8 Rg2 43. f3 gxf3 44. Kxf3 Ra2 45. Rxh3 Rxa3
46. Kf4 Ra1 47. Rd3 Kf6 48. Rd6+ Ke7 49. Ke5 Re1 50. Rd4 Rh1 51. Kd5 Kd7 52. e5
Rh6 53. Ra4 Kc7 54. Ra7+ Kb6 55. Rf7 Rh1 56. Kd6 Rd1+ 57. Ke7 Kc6 58. e6 Re1
59. Rf4 Kd5 60. Rf5+ Kc6 61. Rf4 Kd5 62. Rd4+ Ke5 63. Kd7 Ra1 64. e7 Ra7+ 65.
Ke8 Ke6 66. Kf8 1-0

[Event "HET"]
[Site "Hamburg"]
[Date "2006.08.19"]
[Round "2.3"]
[White "Raedisch, Peter"]
[Black "Meier, David Geffrey"]
[Result "0-1"]
[WhiteElo "1920"]
[BlackElo "2182"]
[PlyCount "100"]
[EventDate "2006.??.??"]
[EventType "swiss"]
[EventRounds "7"]
[EventCountry "GER"]

1. e4 e6 2. d4 d5 3. exd5 exd5 4. Nf3 c5 5. c3 Nf6 6. Bg5 cxd4 7. Nxd4 Nc6 8.
Bb5 Bd7 9. Bxc6 bxc6 10. Qe2+ Be7 11. Bxf6 gxf6 12. O-O O-O 13. Qh5 Kh8 14. Nd2
Rg8 15. Kh1 Bg4 16. Qh6 Rg6 17. Qe3 Bd7 18. N2f3 Bd6 19. Nh4 Rg5 20. Qf3 Rb8
21. b3 Be5 22. Nhf5 c5 23. Nh6 Qf8 24. Ndf5 Be6 25. h4 Rg6 26. Ng4 Rd8 27. Rac1
d4 28. c4 Qg8 29. Nxe5 fxe5 30. Ne7 Qg7 31. Nxg6+ hxg6 32. Rfe1 f6 33. g4 Bc8
34. Kh2 Bb7 35. Qg3 Qd7 36. f3 Kg7 37. Rcd1 Rh8 38. Rd2 g5 39. h5 Re8 40. Ree2
Qc6 41. Kg2 a5 42. Rb2 Kh6 43. a4 Qc7 44. Qf2 Qh7 45. Qe1 Qc7 46. Qb1 e4 47.
fxe4 Qf4 48. Kh3 d3 49. Qxd3 Rxe4 50. Rg2 Re3+ 0-1

[Event "HET"]
[Site "Hamburg"]
[Date "2006.08.19"]
[Round "2.4"]
[White "Lochmann, Viktor"]
[Black "Kammer, Roland"]
[Result "0-1"]
[WhiteElo "1910"]
[BlackElo "2135"]
[PlyCount "96"]
[EventDate "2006.??.??"]
[EventType "swiss"]
[EventRounds "7"]
[EventCountry "GER"]

1. e4 c5 2. Nc3 e6 3. Bc4 a6 4. a4 Nc6 5. f4 Nb4 6. e5 d5 7. exd6 Bxd6 8. d3
Nf6 9. Nf3 Qc7 10. Ne2 Nbd5 11. g3 b6 12. Bxd5 exd5 13. O-O O-O 14. Kg2 Bb7 15.
d4 Rac8 16. c3 Rfe8 17. Ne5 Ne4 18. Nf3 a5 19. Qd3 Ra8 20. Re1 Ba6 21. Qd1 Rad8
22. f5 Bxe2 23. Qxe2 Qd7 24. Qb5 Qxf5 25. Be3 c4 26. Rf1 Nxg3 27. hxg3 Rxe3 28.
Rae1 Rxe1 29. Rxe1 Qc8 30. Ne5 Qb7 31. Nc6 Rc8 32. Nxa5 Qc7 33. Re8+ Rxe8 34.
Qxe8+ Bf8 35. Nc6 f6 36. Kf3 Qf7 37. Qd8 Qh5+ 38. Kg2 Qe2+ 39. Kh3 Qe6+ 40. Kg2
Qxc6 41. Kf3 Kf7 42. Qb8 Bd6 43. Qa7+ Bc7 44. Ke2 h5 45. Qa6 Bxg3 46. a5 Qe6+
47. Kd1 Qe1+ 48. Kc2 Bf4 0-1

[Event "HET"]
[Site "Hamburg"]
[Date "2006.08.19"]
[Round "2.5"]
[White "Weiss, Siegfried"]
[Black "Holzweissig, Hans Joachim"]
[Result "1-0"]
[WhiteElo "2126"]
[BlackElo "1881"]
[PlyCount "69"]
[EventDate "2006.??.??"]
[EventType "swiss"]
[EventRounds "7"]
[EventCountry "GER"]

1. b3 Nf6 2. Bb2 g6 3. Bxf6 exf6 4. c4 Bg7 5. Nc3 O-O 6. g3 d6 7. Bg2 Nd7 8.
Rc1 f5 9. e3 Re8 10. Nge2 c6 11. O-O Nf6 12. b4 Be6 13. d3 Rc8 14. b5 d5 15.
bxc6 bxc6 16. Qa4 Re7 17. Nd4 g5 18. Nxe6 fxe6 19. Rfd1 Ne8 20. e4 d4 21. Ne2
c5 22. f4 g4 23. Rb1 Rb8 24. e5 Bf8 25. Rb5 Rg7 26. Rdb1 Rxb5 27. Qxb5 Nc7 28.
Qa5 a6 29. Rb7 Qc8 30. Nc1 Rf7 31. Nb3 Ne8 32. Qxa6 Rc7 33. Qb6 Be7 34. Rb8 Qd7
35. Rxe8+ 1-0

[Event "HET"]
[Site "Hamburg"]
[Date "2006.08.19"]
[Round "2.6"]
[White "Ludwig, Jan"]
[Black "Schermer, Denis"]
[Result "0-1"]
[WhiteElo "1762"]
[BlackElo "2121"]
[PlyCount "38"]
[EventDate "2006.??.??"]
[EventType "swiss"]
[EventRounds "7"]
[EventCountry "GER"]

1. e4 c5 2. c3 Nf6 3. e5 Nd5 4. d4 cxd4 5. Qxd4 e6 6. Nf3 b6 7. Qe4 Bb7 8. c4
Qc7 9. Nbd2 Ne7 10. Qe3 Ng6 11. b3 Nc6 12. Bb2 Bc5 13. Qc3 Ngxe5 14. a3 f6 15.
b4 Bd6 16. Rd1 Nxf3+ 17. Nxf3 Be5 18. Qc2 Bxb2 19. Qxb2 Ne5 0-1